000 00559nam a2200193Ia 4500
005 20250326141730.0
008 250326s9999 xx 000 0 und d
020 _a81-7041-375-3
037 _aTextbook
040 _aFMSL
_beng
_cFMSL
041 _aeng
_2eng
084 _aX:8.44y7 N7
_qFMSL
100 _aBhasin M L Ed.
_9301776
245 0 _aIndian management : case studies
_cBhasin M L Ed.
260 _aNew Delhi
_bNew Delhi, Abhnav Publication
_c1990
300 _axxiii,402
942 _cTB
_hX:8.44y7 N7
999 _c1291708
_d1291708